000 00748nam a2200289Ia 4500
005 20260324123007.0
008 008 260324s9999 xx 000 0 eng d
020 _a9780429252365
037 _aEBOOK
040 _aCRL
040 _beng
040 _cCRL
041 _2eng
041 _aeng
084 _qCRL
100 _aRichard Morrow
_91156047
245 0 _aUtilizing the 3Ms of Process Improvement in Healthcare
245 2 _bA Roadmap to High Reliability Using Lean, Six Sigma, and Change Leadership
260 _bTaylor and Francis
260 _c2012
365 _a
365 _b290
856 _uhttp://www.taylorfrancis.com/books/9780429252365
942 _cEBOOK
999 _c1761749
_d1761749